Cuenta hasta 10 en europa - Estadísticas

Estadísticas generales
  • Esta prueba ha sido intentada 91 veces
  • La puntuación promedio es 26 de 40
Estadísticas de respuestas
# Respuesta % Correcto
1 one
100%
5 five
99%
4 four
99%
7 seven
99%
6 six
99%
6 six
99%
10 ten
99%
2 two
99%
1 un
99%
8 eight
97%
9 nine
97%
3 three
97%
3 tre
84%
1 uno
70%
4 quatre
69%
5 cinq
68%
2 deux
68%
6 sei
68%
3 trois
65%
7 sept
64%
10 dix
62%
9 neuf
58%
2 due
57%
8 huit
55%
9 nove
49%
8 otto
48%
1 eins
47%
2 zwei
47%
5 cinque
45%
3 drei
45%
5 fünf
45%
7 sette
45%
8 acht
43%
7 sieben
39%
4 quattro
38%
4 vier
38%
6 sechs
35%
9 neun
34%
10 dieci
30%
10 zehn
30%
No se encontraron pruebas coincidentes
Distribución de puntuación
Porcentaje de gente con cada puntuación
Porcentaje por número respondido
Historial de tus puntuaciones
No has intentado esta prueba.